| 000 | 00548nam a2200193Ia 4500 | ||
|---|---|---|---|
| 999 |
_c33736 _d33736 |
||
| 003 | OSt | ||
| 005 | 20200917101506.0 | ||
| 008 | 190216s9999||||xx |||||||||||||| ||und|| | ||
| 020 | _a9788178083131 | ||
| 040 | _coclc | ||
| 082 |
_a621.382 _bCOL/I |
||
| 100 |
_aCole, Marion _94651 |
||
| 245 | 0 |
_aIntroduction To Telecommunications / _cMarion Cole |
|
| 250 | _a1st Ed. | ||
| 260 |
_bPearson Education Asia, _c2001. _aNew Delhi: |
||
| 300 | _a592p | ||
| 650 | _aPhysics | ||
| 942 |
_cBK _2ddc _h621.382 _iCOL/I _k621.382 _mCOL/I |
||